| 000 | 00758nam a2200253Ia 4500 | ||
|---|---|---|---|
| 005 | 20260306153635.0 | ||
| 008 | 008 260114s9999 xx 000 0 eng d | ||
| 020 | _a9781868149780 | ||
| 037 | _aEBOOK | ||
| 040 | _aCRL | ||
| 040 | _beng | ||
| 040 | _cCRL | ||
| 041 | _2eng | ||
| 041 | _aeng | ||
| 084 | _qCRL | ||
| 100 |
_aHeffernan/Nieftagodien/Mxolisi Ndlovu/Peterson/Macqueen/Lissoni/Mkhabela/Kwena Mokwena/Badat/Lekgoathi/Xaba/Molo/Rueedi/Lalu/Kunene/Brockman _91125922 |
||
| 245 | 0 | _aStudents Must Rise 1st ed | |
| 260 | _bWits University Press | ||
| 260 | _c2018 | ||
| 650 | _aPolitical Science | ||
| 856 | _uhttps://www.cambridge.org/core/product/identifier/9781868149780/type/BOOK | ||
| 942 | _cEBOOK | ||
| 999 |
_c1704275 _d1704275 |
||